actrices X - Statistiques

Statistiques générales
  • Ce quiz a été pris 6 004 fois
  • Le résultat moyen est 3 sur 9
Statistiques - réponses
Réponse % Correct
10 Mia Khalifa
91%
3 Lana Rhoades
64%
1 Angela White
48%
8 Candy Love
15%
2 Clara Morgane
15%
7 Anna Polina
8%
4 Katsumi
5%
6 Brandy Love
4%
5 Nicole Aniston
4%
Aucun quiz correspondant
Distribution des résultats
% des personnes avec chaque résultat
Percentile par nombre de réponses
Votre historique - résultats
Vous n’avez pas pris ce quiz